Miasta w województwie warmińsko-mazurskim - nagła śmierć - Statystyki

Ogólne statystyki
  • Ten quiz został rozwiązany 182 razy
  • Średni wynik to 15 z 20
Answers on the Grid
Answers color-coded by a green-red scale on the quiz's grid according to % correct below.
Augustów
Bartoszyce
Bielsk Podlaski
Biłgoraj
Braniewo
Brodnica
Brzeg
Bydgoszcz
Ciechanów
Działdowo
Elbląg
Ełk
Giżycko
Gołdap
Hrubieszów
Iława
Jasło
Kętrzyn
Kozienice
Lębork
Lidzbark
Lidzbark Warmiński
Łomża
Mława
Morąg
Mrągowo
Nakło nad Notecią
Nidzica
Olsztyn
Olsztynek
Pasłęk
Pisz
Płock
Radom
Skierniewice
Sosnowiec
Świdnik
Szczytno
Tarnów
Tarnowskie Góry
Tczew
Toruń
Wałcz
Węgorzewo
Wieliczka
Włoszczowa
Wołomin
Zabrze
Zgierz
Żyrardów
 
Statystyki odpowiedzi
Odpowiedź % Poprawnych
Ełk
85%
Giżycko
84%
Bartoszyce
82%
Elbląg
82%
Lidzbark Warmiński
82%
Braniewo
81%
Olsztyn
81%
Działdowo
78%
Mrągowo
78%
Gołdap
77%
Iława
75%
Szczytno
74%
Kętrzyn
71%
Morąg
70%
Olsztynek
70%
Węgorzewo
70%
Lidzbark
68%
Nidzica
67%
Pisz
66%
Pasłęk
65%
Nie znaleziono quizów pasujących do podanych kryteriów
Rozkład punktacji
Procent ludzi z każdym wynikiem
Percentyl według liczby udzielonych odpowiedzi
Twoja historia wyników
Nie rozwiązałeś tego quizu